[Event "New Zealand Championship"]
[Site "Palmerston North"]
[Date "2024.01.04"]
[Round "3.7"]
[White "Tang, Hao"]
[Black "Yu, Zachary"]
[Result "1-0"]
[WhiteElo "2008"]
[BlackElo "1861"]

1. d4 Nf6 2. Bf4 d5 3. e3 c5 4. Nd2 Bf5 5. c3 Nc6 6. Qb3 Qb6 7. dxc5 Qxb3 8.
axb3 e5 9. Bg3 Bxc5 10. b4 Bd6 11. Ngf3 Nh5 12. Bh4 e4 13. Nd4 Nxd4 14. exd4
Bd7 15. g3 g6 16. Be2 Ng7 17. f3 f5 18. Bf6 O-O 19. Be5 Bxe5 20. dxe5 Ne6 21.
Nb3 b6 22. f4 Rfb8 23. Ba6 Kf7 24. Kf2 h6 25. h4 Rg8 26. Bb7 1-0

[Event "New Zealand Championship"]
[Site "Palmerston North"]
[Date "2024.01.04"]
[Round "3.8"]
[White "Zhang, Kendrick Botong"]
[Black "Dive, Russell J"]
[Result "0-1"]
[WhiteElo "1815"]
[BlackElo "2194"]

1. e4 c6 2. d4 d5 3. e5 Bf5 4. Nd2 e6 5. Nb3 Nd7 6. Nf3 h6 7. Be2 a5 8. a4 Ne7
9. O-O Nc8 10. Ne1 h5 11. f4 g6 12. g3 Bh3 13. Rf2 Ne7 14. Nf3 Bg4 15. Kg2 Nf5
16. h3 Bxf3+ 17. Rxf3 Be7 18. c3 Kf8 19. Nd2 c5 20. dxc5 Bxc5 21. Nb3 Bb6 22.
Bd3 Rc8 23. Bxf5 gxf5 24. Nd4 Nc5 25. Be3 Rg8 26. Kh2 Ne4 27. Qe1 Bc5 28. Nb3
b6 29. Rd1 Rg6 30. Bxc5+ bxc5 31. Nd2 Nxd2 32. Qxd2 Rb8 33. Rf2 Qd7 34. c4 d4
35. Qxa5 Qc6 36. b4 cxb4 37. Rxd4 Kg7 38. c5 b3 39. Qc3 h4 40. gxh4 b2 41. Rxb2
Rxb2+ 42. Qxb2 Qf3 0-1

[Event "New Zealand Championship"]
[Site "Palmerston North"]
[Date "2024.01.04"]
[Round "3.9"]
[White "Smith, Robert W"]
[Black "Metge, J Nigel"]
[Result "1-0"]
[WhiteElo "2152"]
[BlackElo "1787"]

1. e4 c6 2. d4 d5 3. e5 c5 4. Nf3 cxd4 5. Nxd4 Nc6 6. Bb5 Bd7 7. e6 fxe6 8.
Bxc6 bxc6 9. O-O Qc7 10. f4 c5 11. Nf3 g6 12. Re1 Bg7 13. Qe2 Rb8 14. Nc3 Nf6
15. Ng5 Rb6 16. Bd2 O-O 17. b3 h6 18. Nf3 d4 19. Ne4 Bb5 20. Qf2 Qc6 21. a4 Ba6
22. a5 Rbb8 23. Ne5 Qd5 24. Nxg6 Nxe4 25. Nxe7+ Kf7 26. Nxd5 Nxf2 27. Nc7 Bc8
28. Kxf2 Rb7 29. Na6 Rb5 30. Nc7 Rb7 31. Na6 Rb5 32. Nc7 Rb8 33. f5 e5 34. g4
Rb7 35. Nd5 Rd7 36. f6 Kg6 37. Rxe5 Bxf6 38. Nxf6 Rxf6+ 39. Kg1 Rdf7 40. Rxc5
Bxg4 41. h4 Rf2 42. Rc6+ Kh7 43. Rxh6+ Kg7 44. h5 Bxh5 45. Rxh5 Rxd2 46. Rg5+
Kh6 47. Rg2 Rg7 48. Rxg7 Kxg7 49. Ra4 Kf6 50. Kf1 Ke5 51. Rc4 Ke4 52. Ke1 Rh2
53. Rc7 Rh1+ 54. Kd2 Rh2+ 55. Kc1 Rh1+ 56. Kb2 Rh2 57. Re7+ Kf5 58. Kc1 a6 59.
Ra7 Rh6 60. Kd2 Ke4 61. Re7+ Kd5 62. Ra7 Rh2+ 63. Kc1 Rh6 64. Rc7 Rh1+ 65. Kb2
Rh2 66. Ka3 Rh6 67. b4 Rh3+ 68. Kb2 Rh6 69. Rc5+ Kd6 70. Kb3 Rh3+ 71. Kc4 d3
72. cxd3 Rh4+ 73. d4 Rh1 74. Rg5 Rc1+ 75. Kb3 Rd1 76. Rg6+ Kc7 77. Rxa6 Rxd4
78. Rh6 Kb7 79. Ka4 Rg4 80. a6+ Kc7 81. Ka5 Rg1 1-0

[Event "New Zealand Championship"]
[Site "Palmerston North"]
[Date "2024.01.04"]
[Round "3.10"]
[White "Forster, William"]
[Black "Fulo, Nunilon III"]
[Result "1/2-1/2"]
[WhiteElo "1790"]
[BlackElo "2002"]

1. e4 e5 2. Nf3 Nc6 3. Nc3 Nf6 4. a3 d5 5. Bb5 dxe4 6. Nxe5 Bd7 7. Nxc6 bxc6 8.
Bc4 Bc5 9. O-O O-O 10. d4 exd3 11. Bxd3 Ng4 12. Bf4 Qf6 13. Qf3 Bd6 14. Bxd6
cxd6 15. Qxf6 Nxf6 16. Rfe1 Rfe8 17. Kf1 Kf8 1/2-1/2

[Event "New Zealand Championship"]
[Site "Palmerston North"]
[Date "2024.01.04"]
[Round "3.11"]
[White "Xu, Luna Yuexiu"]
[Black "Carpinter, Anthony L"]
[Result "1/2-1/2"]
[WhiteElo "1407"]
[BlackElo "2080"]

1. e4 e6 2. d4 d5 3. exd5 exd5 4. Nf3 Nc6 5. Bd3 Bd6 6. h3 Nge7 7. O-O O-O 8.
c4 dxc4 9. Bxc4 Nb4 10. Nc3 c6 11. Bg5 Bf5 12. Rc1 h6 13. Bxe7 Bxe7 14. a3 Nd5
15. Nxd5 cxd5 16. Bd3 Be6 17. Bb1 Bd6 18. Qd3 g6 19. Rfe1 Bf5 20. Qe3 Bxb1 21.
Rxb1 Kg7 22. Ne5 Re8 23. Qf3 Bxe5 24. Rxe5 Rxe5 25. dxe5 Qd7 26. Rd1 d4 27.
Qf6+ Kg8 28. e6 Qxe6 29. Qxe6 fxe6 30. Rxd4 1/2-1/2

[Event "New Zealand Championship"]
[Site "Palmerston North"]
[Date "2024.01.04"]
[Round "3.12"]
[White "Timergazi, Layla"]
[Black "Lee, Miles"]
[Result "0-1"]
[WhiteElo "1995"]
[BlackElo "1968"]

1. d4 Nf6 2. c4 e6 3. Nc3 Bb4 4. g3 O-O 5. Bg2 d5 6. Nf3 dxc4 7. O-O Nc6 8. a3
Be7 9. e3 Nd5 10. e4 Nxc3 11. bxc3 b5 12. d5 Na5 13. Bf4 Nb3 14. Ra2 exd5 15.
Ne5 Bb7 16. exd5 Bd6 17. Qh5 Qe8 18. Re2 f6 19. Qg4 Bc8 20. Qh4 fxe5 21. Bxe5
Qd8 22. Bxd6 Qxh4 23. Bxf8 Qh5 24. Rfe1 Bh3 25. Re5 Qxe5 0-1

[Event "New Zealand Championship"]
[Site "Palmerston North"]
[Date "2024.01.04"]
[Round "3.13"]
[White "van der Hoorn, Thomas"]
[Black "Lu, Xiahan (Luna)"]
[Result "1/2-1/2"]
[WhiteElo "1882"]
[BlackElo "1471"]

1. e4 e6 2. d4 d5 3. Nc3 Nf6 4. e5 Nfd7 5. f4 c5 6. Nf3 Nc6 7. Be3 Be7 8. Qd2
O-O 9. dxc5 Qa5 10. O-O-O b6 11. Bb5 Nb4 12. a3 bxc5 13. Bxd7 Bxd7 14. axb4
cxb4 15. Nb1 Rfc8 16. Nd4 Qa2 17. Qd3 a5 18. Kd2 a4 19. Ke2 Qxb2 20. Nd2 Rc3
21. Rb1 Qa3 22. Ra1 Rxd3 23. cxd3 Qc3 24. Rhc1 Qxa1 25. Rxa1 Rb8 26. Rb1 b3 27.
N2xb3 axb3 28. Rxb3 Rxb3 29. Nxb3 Ba4 30. Nc5 Bxc5 31. Bxc5 h6 32. d4 1/2-1/2

[Event "New Zealand Championship"]
[Site "Palmerston North"]
[Date "2024.01.04"]
[Round "3.14"]
[White "Thurner, Anya"]
[Black "Milligan, Helen"]
[Result "0-1"]
[WhiteElo "1648"]
[BlackElo "1941"]

1. e4 e5 2. Nf3 Nc6 3. d4 exd4 4. Bc4 Nf6 5. e5 d5 6. Bb5 Ne4 7. Nxd4 Bd7 8.
Bxc6 bxc6 9. O-O Bc5 10. f3 Ng5 11. Be3 Bb6 12. f4 Ne4 13. Nd2 Nxd2 14. Qxd2 c5
15. Nf3 d4 16. Bf2 O-O 17. Bh4 Qc8 18. b3 Bf5 19. a4 a5 20. Kh1 Re8 21. h3 Qb7
22. Kh2 h6 23. Rae1 Qc6 24. g4 Be4 25. Qe2 Bd5 26. Nd2 Qd7 27. f5 c6 28. g5
Rxe5 29. Qg4 Bc7 30. Rxe5 Bxe5+ 31. Bg3 Bxg3+ 32. Qxg3 hxg5 33. Qxg5 Re8 34.
Rf2 Re1 35. Nf1 Qd6+ 36. Kg1 f6 37. Qg6 Qe5 38. Qg4 c4 39. bxc4 Bxc4 40. Qf3
Bd5 41. Qg4 c5 42. Rd2 Qe3+ 43. Rf2 Be4 44. Qg6 Bxc2 0-1

[Event "New Zealand Championship"]
[Site "Palmerston North"]
[Date "2024.01.04"]
[Round "3.15"]
[White "Praveen, Jeeva"]
[Black "Young, Cohen"]
[Result "0-1"]
[WhiteElo "1640"]
[BlackElo "1829"]

1. e4 e6 2. d4 d5 3. Nc3 Nf6 4. Bg5 Bb4 5. f3 h6 6. Bxf6 Qxf6 7. Bd3 c5 8. Bb5+
Bd7 9. Bxd7+ Nxd7 10. Ne2 cxd4 11. Qxd4 Qxd4 12. Nxd4 Bxc3+ 13. bxc3 dxe4 14.
fxe4 Nf6 15. Nb5 Ke7 16. e5 Nd7 17. O-O Nxe5 18. Rae1 f6 19. Re4 Rhc8 20. Rb1
b6 21. Rb3 Rc4 22. Rd4 a6 23. Rxc4 Nxc4 24. Nd4 Rc8 25. Rb4 g6 26. a4 e5 27.
Ne2 f5 28. Kf2 g5 29. h3 Rc6 30. Kf3 Nd6 31. Ke3 f4+ 32. Kd3 e4+ 33. Kd4 Ke6
34. a5 b5 35. Nc1 Rc4+ 36. Rxc4 bxc4 37. Kc5 f3 38. gxf3 exf3 39. Kd4 f2 0-1

[Event "New Zealand Championship"]
[Site "Palmerston North"]
[Date "2024.01.04"]
[Round "3.16"]
[White "Burns, Christopher J"]
[Black "Sun, Wanyao Sarah"]
[Result "1-0"]
[WhiteElo "1926"]
[BlackElo "1614"]

1. e4 c6 2. d4 d5 3. Nd2 dxe4 4. Nxe4 Nf6 5. Nxf6+ exf6 6. c3 Bd6 7. Bd3 O-O 8.
Ne2 Re8 9. Qc2 h6 10. O-O Nd7 11. c4 c5 12. d5 Ne5 13. h3 Nxd3 14. Qxd3 Qc7 15.
Bd2 Bd7 16. a4 Re7 17. Nc3 a6 18. Ne4 Bh2+ 19. Kh1 Qe5 20. Nxc5 Bf5 21. Qf3 Bg6
22. Rfe1 Qc7 23. Rxe7 Qxe7 24. Qe3 Qxe3 25. Bxe3 Be5 26. Rd1 b5 27. axb5 axb5
28. b3 bxc4 29. bxc4 Bc2 30. Rc1 Bf5 31. g4 Bc8 32. Rd1 Bd6 33. Ne4 Be5 34. d6
Bb7 35. f3 Rd8 36. c5 Bc6 37. Kg2 Kf8 38. Rb1 Ke8 39. Rb6 Kd7 40. Rb4 Ra8 41.
Nf2 Ra3 42. Nd1 Rd3 43. Rb1 Bf4 44. Kf2 Bxe3+ 45. Nxe3 Rc3 46. Ra1 g6 47. Ra7+
Ke6 48. Re7# 1-0

[Event "New Zealand Championship"]
[Site "Palmerston North"]
[Date "2024.01.04"]
[Round "3.17"]
[White "VanMeter, Lester"]
[Black "Qin, Oscar Shu Xuan"]
[Result "1/2-1/2"]
[WhiteElo "1810"]
[BlackElo "1880"]

1. d4 Nf6 2. Nf3 g6 3. c4 Bg7 4. b4 O-O 5. Bb2 d5 6. e3 c6 7. Nc3 Bg4 8. Qb3
Be6 9. Ng5 h6 10. Nxe6 fxe6 11. Bd3 Qe8 12. Qc2 g5 13. Bg6 Qd8 14. c5 Ng4 15.
Nd1 Qc7 16. h4 gxh4 17. Rxh4 Rxf2 18. Nxf2 Nxe3 19. Bh7+ Kh8 20. Qg6 Nd7 21.
Rh3 Nf5 22. Qxe6 Nxd4 23. Bxd4 Bxd4 24. Rxh6 Qe5+ 25. Qxe5+ Nxe5 26. Bf5+ Kg7
27. Rh7+ Kf6 28. Rd1 Bc3+ 29. Kf1 Kxf5 30. Rxe7 Bxb4 31. Rxe5+ Kxe5 32. Nd3+
Ke4 33. Nxb4 Rf8+ 34. Ke2 Rg8 35. Kf2 Rf8+ 36. Kg1 Rf6 37. Nc2 b6 38. Rd4+ Ke5
39. Ra4 bxc5 40. Rxa7 c4 41. Re7+ Kd6 42. Re3 Rf4 43. Rf3 Re4 44. Kf2 d4 45.
Nxd4 Rxd4 46. Ke2 1/2-1/2

[Event "New Zealand Championship"]
[Site "Palmerston North"]
[Date "2024.01.04"]
[Round "3.18"]
[White "Liu, William Rui"]
[Black "Steele, Hayden"]
[Result "0-1"]
[WhiteElo "1853"]
[BlackElo "1493"]

1. e4 d5 2. exd5 Nf6 3. d4 Bg4 4. Be2 Bxe2 5. Qxe2 Qxd5 6. Nf3 Nc6 7. c4 Qe4 8.
Nc3 Qxe2+ 9. Kxe2 e6 10. Be3 O-O-O 11. Rhd1 Bb4 12. Rac1 Ng4 13. a3 Nxe3 14.
fxe3 Be7 15. e4 Na5 16. b4 Nxc4 17. Nb5 a6 18. Na7+ Kb8 19. Rxc4 f6 20. Nc6+
bxc6 21. Rxc6 Rd6 22. Rdc1 Rxc6 23. Rxc6 Bd6 24. Rxa6 Kb7 25. b5 e5 26. dxe5
fxe5 27. Nd2 Rf8 28. Nc4 Bc5 29. Ne3 Rf4 30. Rc6 Bxa3 31. Kd3 Rf2 32. Rc2 Rf8
33. Nc4 Rd8+ 34. Ke2 Bd6 35. Rd2 g6 36. Rd5 h6 37. Kd3 Kc8 38. Ke3 Kd7 39.
Nxe5+ Ke6 40. Nc6 Rf8 41. Nd4+ Ke7 42. e5 Ba3 43. Nf3 Ke6 44. Rd1 Bc5+ 45. Ke4
g5 46. Rc1 Rf4+ 47. Kd3 Kd5 48. e6 Bd6 49. Re1 g4 50. Ne5 Rd4+ 51. Kc2 Ra4 52.
Nc6 Ra2+ 53. Kb3 Rxg2 54. Re5+ Bxe5 55. e7 Rb2+ 56. Ka3 Re2 57. e8=Q Bb2+ 0-1

[Event "New Zealand Championship"]
[Site "Palmerston North"]
[Date "2024.01.04"]
[Round "3.19"]
[White "Wang, Justin Zhide"]
[Black "Langford, Joshua"]
[Result "0-1"]
[WhiteElo "1667"]
[BlackElo "1869"]

1. d4 d5 2. Bf4 Nf6 3. e3 e6 4. Nf3 Bd6 5. Nbd2 O-O 6. c3 c5 7. Bxd6 Qxd6 8.
Ne5 Nc6 9. f4 Ne7 10. Bd3 b6 11. O-O Nf5 12. Qe1 Qe7 13. g4 Nd6 14. Qh4 Re8 15.
g5 Nfe4 16. Bxe4 dxe4 17. Ng4 Nf5 18. Qh3 Bb7 19. Qg2 Kh8 20. Qh3 cxd4 21. exd4
e3 22. Nxe3 Qc7 23. Ng4 Qc6 24. Rae1 Qb5 25. Ne5 Qxb2 26. Ndc4 Qxa2 27. Rf2 Qa4
28. Nxf7+ Kg8 29. Nce5 Qa5 30. g6 h6 31. Ng4 Re7 32. Re5 Qa1+ 33. Rf1 Qb2 34.
Rf2 Qb1+ 35. Qf1 Qxf1+ 36. Kxf1 Rc8 37. Ne3 Nh4 38. d5 Nxg6 39. Nd6 Nxe5 40.
Nxc8 Bxc8 41. d6 Rf7 42. fxe5 Rxf2+ 43. Kxf2 Kf7 44. Nc2 g5 45. Nd4 Kg6 46. Ne2
a5 47. Nd4 Bd7 48. Ke3 a4 49. Nc2 Kf5 50. Kd4 h5 51. Ne3+ Kf4 52. Nc4 Be8 53.
Na3 g4 54. c4 h4 55. Nc2 a3 56. Nxa3 g3 57. hxg3+ hxg3 0-1

[Event "New Zealand Championship"]
[Site "Palmerston North"]
[Date "2024.01.04"]
[Round "3.20"]
[White "Baker, Ilias Angelo (Leo)"]
[Black "Braganza, Nadia"]
[Result "1-0"]
[WhiteElo "1649"]
[BlackElo "1808"]

1. e4 c5 2. Nf3 Nc6 3. Bb5 g6 4. Bxc6 dxc6 5. d3 Bg7 6. h3 Nf6 7. Nc3 Nd7 8.
Be3 e5 9. O-O b6 10. a3 Nf8 11. b4 Ne6 12. bxc5 O-O 13. cxb6 axb6 14. Ne2 Nd4
15. Nexd4 exd4 16. Bd2 h6 17. Bf4 Qe7 18. Qc1 Kh7 19. Re1 Bb7 20. Qb2 Ra6 21.
Nd2 b5 22. Qb4 Qxb4 23. axb4 Rfa8 24. Nb3 Rxa1 25. Rxa1 Rxa1+ 26. Nxa1 Bc8 27.
Nb3 Be6 28. Na5 Bd7 29. Bd6 Kg8 30. Bc5 Bf8 31. Nb3 Bxc5 32. Nxc5 Bc8 33. Nb3
f5 34. exf5 Bxf5 35. Nxd4 Bd7 36. f4 Kf7 37. g4 Ke7 38. Kf2 Kd6 39. Ke3 h5 40.
f5 hxg4 41. hxg4 gxf5 42. Nxf5+ Ke5 43. d4+ Kd5 44. Kd3 Be8 45. Ne3+ Kd6 46.
Ke4 Bf7 47. Kf5 Ke7 48. g5 Be6+ 49. Ke5 Ba2 50. Nf5+ Kf7 51. g6+ Kxg6 52. Ne7+
Kf7 53. Kd6 Bb1 54. c3 Bc2 55. Nxc6 1-0

[Event "New Zealand Championship"]
[Site "Palmerston North"]
[Date "2024.01.04"]
[Round "3.22"]
[White "Weng, Winston"]
[Black "Yu, Weiyang (Cadence)"]
[Result "1/2-1/2"]
[WhiteElo "1738"]
[BlackElo "1551"]

1. e4 c5 2. Nf3 e6 3. b3 d5 4. exd5 exd5 5. Bb2 Nf6 6. Bb5+ Bd7 7. Bxd7+ Nbxd7
8. O-O Be7 9. d4 O-O 10. Nbd2 Qc7 11. c4 cxd4 12. Nxd4 dxc4 13. Nxc4 Nb6 14.
Rc1 Nxc4 15. Rxc4 Qd7 16. Qc2 Rac8 17. Rc1 Rxc4 18. Qxc4 Ng4 19. Nf3 Bd6 20. h3
Nh6 21. Kh1 Re8 22. Rd1 Qe7 23. Qd4 Nf5 24. Qd3 Qe2 25. Qxe2 Rxe2 26. Be5 Bf8
27. Rd2 1/2-1/2

[Event "New Zealand Championship"]
[Site "Palmerston North"]
[Date "2024.01.04"]
[Round "3.23"]
[White "Zhu, David Junyang"]
[Black "McDonald, Duncan"]
[Result "1-0"]
[WhiteElo "1721"]
[BlackElo "1657"]

1. d4 d5 2. c4 e6 3. Nf3 Nf6 4. g3 Be7 5. Bg2 O-O 6. O-O c6 7. Nc3 b6 8. Ne5
Ba6 9. b3 Nfd7 10. cxd5 Nxe5 11. dxe5 cxd5 12. Bb2 Nd7 13. Re1 Nxe5 14. Nxd5
exd5 15. Bxe5 Bb4 16. Bxg7 Re8 17. Qd4 Bxe1 18. Rxe1 Qg5 19. Bf6 Qg6 20. Bxd5
Rxe2 21. Rxe2 Qb1+ 22. Kg2 Bxe2 23. h3 Re8 24. Bc6 Rc8 25. Be4 Qc1 26. Kh2 Qc5
27. Bxh7+ Kxh7 28. Qe4+ Kg8 29. Qxe2 Qf5 30. Bd4 Rd8 31. Be3 Re8 32. Kg2 b5 33.
Qf3 Qxf3+ 34. Kxf3 Re6 35. Bxa7 Ra6 36. Bc5 Rxa2 37. b4 f6 38. Ke4 Rd2 39. Bd4
Kf7 40. Kd5 Ke7 41. Kc5 Kd7 42. Be3 Rd1 43. Kxb5 Kc7 44. Kc5 Rb1 45. h4 Kb7 46.
h5 Rh1 47. h6 1-0

[Event "New Zealand Championship"]
[Site "Palmerston North"]
[Date "2024.01.04"]
[Round "3.24"]
[White "Gan, Emily Cathay"]
[Black "Wang, Aaron Ziwen"]
[Result "1/2-1/2"]
[WhiteElo "1570"]
[BlackElo "1669"]

1. c4 c5 2. Nc3 Nc6 3. Nf3 g6 4. e3 Bg7 5. d4 cxd4 6. exd4 d6 7. Be3 Bg4 8. Be2
a6 9. h3 Bxf3 10. Bxf3 Nf6 11. O-O O-O 12. Rb1 e6 13. d5 Na5 14. Qd3 Qc7 15. b3
e5 16. Be2 b6 17. Na4 Nd7 18. f4 exf4 19. Bxf4 Rae8 20. Qd2 Nb7 21. b4 Nf6 22.
Nc3 Ne4 23. Nxe4 Rxe4 24. Bd3 Re7 25. Kh1 a5 26. a3 Ra8 27. Bg5 Ree8 28. Bf6
Bxf6 29. Rxf6 Re5 30. Rbf1 Rf8 31. Qf4 Qe7 32. Qd4 Qc7 33. Ra1 Rb8 34. Raf1 Rf8
35. Qf4 Qe7 36. Qd4 1/2-1/2

[Event "New Zealand Championship"]
[Site "Palmerston North"]
[Date "2024.01.04"]
[Round "3.25"]
[White "Rowe, Abigail"]
[Black "Malcolm, Leo"]
[Result "0-1"]
[WhiteElo "1357"]
[BlackElo "1688"]

1. e4 e5 2. Nc3 Nf6 3. f4 d5 4. fxe5 Nxe4 5. Qf3 f5 6. d3 Nxc3 7. bxc3 d4 8. c4
Bb4+ 9. Bd2 Bxd2+ 10. Kxd2 Qg5+ 11. Ke1 Qe7 12. Qd5 c5 13. Kf2 Be6 14. Qf3 Nc6
15. Re1 O-O 16. Nh3 h6 17. Nf4 Qf7 18. g3 Rfe8 19. h4 Rad8 20. h5 Bc8 21. Ng6
Re6 22. Bh3 Ne7 23. Nxe7+ Rxe7 24. Re2 b6 25. Rhe1 Rf8 26. e6 Rxe6 27. Rxe6
Bxe6 28. Qe2 Re8 29. Qf3 Bc8 30. Rxe8+ Qxe8 31. Bxf5 Qe3+ 32. Qxe3 dxe3+ 33.
Kxe3 Bxf5 34. Kf4 g6 35. hxg6 Bxg6 36. Ke5 Kf7 37. Kd6 Kf6 38. Kc7 Kg5 39. Kb7
Kg4 40. Kxa7 Kxg3 41. Kxb6 Be8 42. Kxc5 h5 43. Kd6 h4 44. d4 h3 45. d5 h2 46.
c5 h1=Q 47. c6 Qh7 48. c4 Kf4 49. Kc5 Qc7 50. Kb5 Ke5 51. a4 Bxc6+ 52. dxc6 Kd6
53. Kb4 Qb6+ 54. Ka3 Kxc6 0-1

[Event "New Zealand Championship"]
[Site "Palmerston North"]
[Date "2024.01.05"]
[Round "4.1"]
[White "Croad, Nicolas"]
[Black "Middelburg, Tom"]
[Result "1/2-1/2"]
[WhiteElo "2171"]
[BlackElo "2358"]

1. d4 Nf6 2. c4 e6 3. Nc3 Bb4 4. Qc2 O-O 5. a3 Bxc3+ 6. Qxc3 b6 7. Bg5 Bb7 8.
f3 h6 9. Bh4 d6 10. e4 c5 11. dxc5 bxc5 12. Bxf6 Qxf6 13. Qxf6 gxf6 14. O-O-O
Rd8 15. Bd3 Nc6 16. Ne2 Ba6 17. Nf4 Kf8 18. Kb1 Ne5 19. b3 Rab8 20. Ka2 Rb6 21.
Bc2 Rdb8 22. Rb1 Nc6 23. Ne2 Bc8 24. Rhd1 Ke7 25. Rd2 a5 26. Nc3 Ba6 27. Bd3
Nd4 28. Rdb2 Kd7 29. Ne2 Nc6 30. Nc3 Nd4 31. Ne2 Nc6 32. Nc3 Nd4 1/2-1/2

[Event "New Zealand Championship"]
[Site "Palmerston North"]
[Date "2024.01.05"]
[Round "4.2"]
[White "Renjith, Sravan"]
[Black "Hague, Ben"]
[Result "1/2-1/2"]
[WhiteElo "2257"]
[BlackElo "2337"]

1. Nf3 d5 2. d4 e6 3. g3 b5 4. Bg2 Nf6 5. O-O Be7 6. Bg5 O-O 7. c3 Nbd7 8. Bxf6
Nxf6 9. a4 bxa4 10. Ne5 c5 11. Nc6 Qd6 12. Qxa4 cxd4 13. cxd4 Bd7 14. Nxe7+
Qxe7 15. Qa3 Qxa3 16. Rxa3 Rab8 17. Ra2 Rb4 18. Rd1 Rfb8 19. Rd2 Kf8 20. Nc3
R8b7 1/2-1/2

[Event "New Zealand Championship"]
[Site "Palmerston North"]
[Date "2024.01.05"]
[Round "4.3"]
[White "Ker, Anthony F"]
[Black "Tang, Hao"]
[Result "0-1"]
[WhiteElo "2249"]
[BlackElo "2008"]

1. e4 c5 2. Nc3 d6 3. d4 cxd4 4. Qxd4 Nc6 5. Qd2 Nf6 6. b3 g6 7. Bb2 Bg7 8.
O-O-O O-O 9. f3 Qa5 10. Kb1 a6 11. g4 b5 12. g5 Nh5 13. Nge2 Be6 14. Ng3 b4 15.
Na4 Bxb2 16. Nxb2 Ng7 17. h4 Na7 18. a4 Nb5 19. Ka1 Nc3 20. Re1 Rac8 21. h5
Nxa4 22. bxa4 Rc3 23. Re3 Qxg5 24. f4 Qc5 25. Bd3 b3 26. cxb3 Rxb3 27. Kb1 Rfb8
28. Re2 Qa3 29. Rd1 Rc3 30. Qxc3 Qxc3 31. f5 Bb3 32. Rc1 Qb4 33. hxg6 hxg6 34.
fxg6 fxg6 35. e5 d5 36. Rc6 Qa3 37. Nf1 Bxa4 0-1

[Event "New Zealand Championship"]
[Site "Palmerston North"]
[Date "2024.01.05"]
[Round "4.4"]
[White "Steadman, Michael V R"]
[Black "Archer, Ollie"]
[Result "1/2-1/2"]
[WhiteElo "2072"]
[BlackElo "2024"]

1. e4 c6 2. d4 d5 3. e5 Bf5 4. Nf3 e6 5. Be2 Ne7 6. O-O c5 7. c4 Nbc6 8. dxc5
d4 9. Qa4 Ng6 10. Rd1 d3 11. Be3 Qd7 12. Bf1 Ngxe5 13. Nxe5 Nxe5 14. Qxd7+ Nxd7
15. Bxd3 Bxd3 16. Rxd3 Bxc5 17. Bd4 Bxd4 18. Rxd4 Ke7 19. Nc3 Rhd8 20. Rad1
1/2-1/2

[Event "New Zealand Championship"]
[Site "Palmerston North"]
[Date "2024.01.05"]
[Round "4.5"]
[White "Cilia Vincenti, David"]
[Black "Smith, Robert W"]
[Result "1-0"]
[WhiteElo "1945"]
[BlackElo "2152"]

1. c4 Nf6 2. g3 g6 3. Bg2 Bg7 4. Nc3 O-O 5. d4 d6 6. h3 e5 7. Nf3 Nc6 8. Be3 a6
9. O-O Nd7 10. Qd2 exd4 11. Nxd4 Nde5 12. b3 Be6 13. Rac1 Qd7 14. Kh2 Rae8 15.
Nd5 Nxd4 16. Bxd4 c6 17. Nb6 Qe7 18. Qb2 c5 19. Bc3 Qc7 20. Nd5 Bxd5 21. Bxd5
Bh6 22. f4 Nd7 23. g4 Re3 24. g5 Rfe8 25. Rf2 Bf8 26. h4 Qc8 27. Bf3 b5 28. a3
bxc4 29. bxc4 Qb8 30. Qxb8 Rxb8 31. Rff1 Bg7 32. Bxg7 Kxg7 33. Rfd1 Rb6 34. a4
Ra3 35. Ra1 Rxa1 36. Rxa1 a5 37. Rd1 Kf8 38. e4 Ke7 39. Bg4 Nb8 40. e5 dxe5 41.
Rd5 Rc6 42. Rxe5+ Kd8 43. f5 Rc7 44. f6 Na6 45. Rd5+ Ke8 46. Rd6 Ra7 47. Bf3
Nb8 48. Rb6 Nd7 49. Rb5 Kd8 50. Bd5 Ke8 51. Kg3 h5 52. Kf4 Rc7 53. Rxa5 Nb6 54.
Ke4 Kd8 55. Rb5 Nc8 56. a5 Nd6+ 57. Kd3 Nxb5 58. cxb5 c4+ 59. Bxc4 Rc5 60. Kd4
Rf5 61. Bd5 Rf4+ 62. Kc5 Rxh4 63. a6 1-0

[Event "New Zealand Championship"]
[Site "Palmerston North"]
[Date "2024.01.05"]
[Round "4.6"]
[White "Dive, Russell J"]
[Black "Burns, Christopher J"]
[Result "1-0"]
[WhiteElo "2194"]
[BlackElo "1926"]

1. Nf3 d5 2. d4 Nf6 3. c4 e6 4. Nc3 a6 5. cxd5 exd5 6. Bg5 Be7 7. e3 Nc6 8. Qc2
g6 9. a3 Bf5 10. Qb3 Na5 11. Qa2 b5 12. Bxf6 Bxf6 13. Nxd5 Bg7 14. Rc1 Be6 15.
Nxc7+ Qxc7 16. Qxe6+ Qe7 17. Rc8+ Rxc8 18. Qxc8+ Qd8 19. Qxa6 O-O 20. Bxb5 1-0

[Event "New Zealand Championship"]
[Site "Palmerston North"]
[Date "2024.01.05"]
[Round "4.7"]
[White "Chang, Yolanda"]
[Black "Ning, Isabelle Yixuan"]
[Result "0-1"]
[WhiteElo "1595"]
[BlackElo "1958"]

1. e4 c5 2. Nf3 e6 3. c3 d5 4. e5 c4 5. d3 cxd3 6. Bxd3 Nc6 7. O-O Nge7 8. Bg5
Qc7 9. Re1 Ng6 10. Qe2 Be7 11. Bd2 O-O 12. h4 Qb6 13. b4 Nxh4 14. Nxh4 Bxh4 15.
g3 Be7 16. b5 Nb8 17. Qh5 g6 18. Qh6 Re8 19. Kg2 Nd7 20. Rh1 Nf8 21. Qh3 Qc7
22. Bf4 b6 23. c4 dxc4 24. Be4 Bb7 25. Nd2 c3 26. Bxb7 Qxb7+ 27. Nf3 Red8 28.
Bh6 Rd3 29. g4 c2 30. Bxf8 Kxf8 31. Qh6+ Ke8 32. Rh3 Rc8 33. Qxh7 c1=Q 34. Rxc1
Rxc1 35. Qg8+ Bf8 0-1

[Event "New Zealand Championship"]
[Site "Palmerston North"]
[Date "2024.01.05"]
[Round "4.8"]
[White "Milligan, Helen"]
[Black "Lee, Miles"]
[Result "1/2-1/2"]
[WhiteElo "1941"]
[BlackElo "1968"]

1. e4 c5 2. Nf3 e6 3. d4 cxd4 4. Nxd4 Nc6 5. Be3 Nf6 6. Bd3 Qc7 7. Nc3 a6 8.
O-O Nxd4 9. Bxd4 Bc5 10. Bxc5 Qxc5 11. Qe2 d6 12. Rfe1 e5 13. Qe3 Qxe3 14. Rxe3
Be6 15. Nd1 Ke7 16. c4 Rhc8 17. b3 g6 18. Be2 Nd7 19. Nc3 Rc6 20. Rd1 Rac8 21.
g4 g5 22. h3 Nf8 23. Nd5+ Bxd5 24. exd5 Rb6 25. Bd3 a5 26. Bf5 Rc5 27. a4 Ra6
28. h4 gxh4 29. Rh3 Ng6 30. Bxg6 hxg6 31. Rxh4 Rc8 32. Kg2 Kf6 33. Rh7 e4 34.
Re1 Re8 35. g5+ Kxg5 36. Rxf7 Raa8 37. Rxb7 Rab8 38. Rb5 Kf4 39. Re3 Rh8 40.
Rh3 Rxh3 41. Kxh3 Re8 42. Kg2 e3 43. fxe3+ Rxe3 44. c5 dxc5 45. Rxc5 Rxb3 46.
Rxa5 Rb2+ 47. Kf1 Ke5 48. d6+ Kxd6 49. Ra6+ Kc5 50. Rxg6 Ra2 51. a5 Rxa5 52.
Rg5+ Kb4 53. Rxa5 Kxa5 1/2-1/2

[Event "New Zealand Championship"]
[Site "Palmerston North"]
[Date "2024.01.05"]
[Round "4.10"]
[White "Yu, Zachary"]
[Black "Gong, Daniel Hanwen"]
[Result "1-0"]
[WhiteElo "1861"]
[BlackElo "2319"]

1. d4 f5 2. c4 Nf6 3. Nc3 g6 4. g3 Bg7 5. Bg2 O-O 6. Nh3 d6 7. d5 c6 8. O-O e5
9. dxe6 Bxe6 10. Qb3 Qe7 11. Ng5 Bf7 12. Bf4 Na6 13. Rad1 Ne8 14. Nxf7 Rxf7 15.
Qa3 Bxc3 16. bxc3 Qxe2 17. Bxc6 bxc6 18. Qxa6 Qf3 19. c5 dxc5 20. Rfe1 Nf6 21.
Rd3 Qh5 22. Qxc6 Raf8 23. h4 Ne4 24. Kg2 h6 25. f3 g5 26. hxg5 hxg5 27. Rh1
Qxh1+ 28. Kxh1 Nf2+ 29. Kg2 Nxd3 30. Bxg5 Ne5 31. Qe6 Nxf3 32. Kxf3 Rb8 33. Bf4
Rb6 34. Qc8+ Kh7 35. Be5 Rfb7 36. Qh8+ Kg6 37. Kf4 Kf7 38. Kxf5 Ke7 39. Bf6+
Kd6 40. Qe8 c4 41. Qe6+ Kc7 42. Qxc4+ Rc6 43. Be5+ Kb6 44. Bd4+ Kc7 45. Qf7+
Kc8 46. Qe8+ Kc7 47. a4 a5 48. g4 Rb2 49. Be5+ Kb6 50. Qb8+ 1-0